| 000 -LEADER |
| fixed length control field |
00592nam a22002057a 4500 |
| 008 - FIXED-LENGTH DATA ELEMENTS--GENERAL INFORMATION |
| fixed length control field |
131008b xxu||||| |||| 00| 0 eng d |
| 041 0# - LANGUAGE CODE |
| Language code of text/sound track or separate title |
eng |
| 080 ## - UNIVERSAL DECIMAL CLASSIFICATION NUMBER |
| Universal Decimal Classification number |
007:658 |
| 100 ## - Rafti |
| Rafti |
Beer, Stafford |
| 245 10 - TITLE STATEMENT |
| Title |
Cybernetics and management / |
| Statement of responsibility, etc |
Stafford Beer |
| 260 ## - |
| -- |
London : |
| -- |
The English Universities Press LTD ; |
| -- |
1959 |
| 300 ## - |
| -- |
214 f. : |
| -- |
me il.; |
| -- |
22 cm. |
| 490 ## - |
| -- |
Management science series |
| 500 ## - |
| -- |
Author's preface : f. XI-XV. |
| 505 ## - |
| -- |
References : f. 209-211<br/><br/> |
| 505 ## - |
| -- |
Index : f. 212-214 |
| 650 #0 - |
| -- |
Kibernetika |
| 650 #0 - |
| -- |
Menaxhimi |
| 942 ## - ADDED ENTRY ELEMENTS (KOHA) |
| Source of classification or shelving scheme |
|
| Item type |
Books |